| 000 | 01001nam a22002537a 4500 | ||
|---|---|---|---|
| 999 |
_c7023 _d7023 |
||
| 003 | AR-CdUCM | ||
| 008 | 190319b ||||| |||| 00| 0 spa d | ||
| 040 |
_aMUNICIPALIDAD PROVINCIAL DEL CUSCO _cBIBLIOTECA MUNICIPAL DEL CUSCO |
||
| 041 | _heng | ||
| 082 |
_a630 / _bL72 |
||
| 100 |
_aLittle, Thomas M. _919794 |
||
| 245 | _aMétodos estadísticos para la investigación en la agricultura / | ||
| 260 |
_aMéxico, D. F. : _bTrillas, _c1976. |
||
| 300 |
_a270 páginas ; _bIlustraciones, _c27 cm. |
||
| 500 | _aTitulo original: Statistical methods in agricultural research. | ||
| 505 | _aLógica. Investigación y experimento -- Algunos conceptos básicos -- Análisis de varianza y pruebas de significación -- Diseño completamente aleatorio ... | ||
| 650 |
_aAgricultura _9320 |
||
| 650 |
_aInvestigación _91940 |
||
| 650 |
_aMétodos estadísticos _98510 |
||
| 700 |
_aHills, Jackson F. _919795 |
||
| 710 |
_aCentro regional de ayuda técnica _910048 |
||
| 942 |
_2ddc _cLIBROS |
||
| 945 | _aacv | ||